000 00447nam a2200157Ia 4500
008 151213s9999 xx 000 0 und d
100 _aRajendra Pal & J.S.Kordahalli
245 _aEssential of Business Communication
_cRajendra Pal & J.S.Kordahalli
250 _a12th
260 _aNew Dilhi
_bSultan Chand
_c2004
300 _a2250 p.
650 _aManagement
650 _aManagement
700 _aRajendra Pal & J.S.Kordahalli
999 _c1635
_d1635